[Event "Las Palmas Insular-chT Pref-B"]
[Site "Las Palmas"]
[Date "2014.11.22"]
[Round "1.4"]
[White "Deniz Martin, Juan Manuel"]
[Black "Julien Casteleiro, Ariel"]
[Result "0-1"]
[WhiteElo "1671"]
[BlackElo "1618"]
[PlyCount "54"]
[EventDate "2014.11.22"]
[EventType "team-tourn"]
[EventRounds "14"]
[EventCountry "ESP"]
[SourceTitle "EXT 2016"]
[Source "ChessBase"]
[SourceDate "2015.10.08"]
[SourceVersion "1"]
[SourceVersionDate "2015.10.08"]
[SourceQuality "1"]
[WhiteTeam "Pulido San Mateo II"]
[BlackTeam "La Caja de Vecindario II"]
[WhiteTeamCountry "ESP"]
[BlackTeamCountry "ESP"]

1. e4 e5 2. Nf3 Nc6 3. Bb5 Nf6 4. 0-0 Bc5 5. c3 h6 6. d3 d6 7. h3 Be6 8. Nbd2 a6 9. Ba4 b5 10. Bc2 d5 11. exd5 Nxd5 12. Re1 0-0 13. Nxe5 Nxe5 14. Rxe5 Qf6 15. d4 Bd6 16. Ne4 Qd8 17. Nxd6 cxd6 18. Qd3 Nf6 19. Rh5 Bc4 20. Qf3 Nxh5 21. Qxh5 Qf6 22. g4 Rfe8 23. Be3 Rxe3 24. fxe3 Re8 25. b3 Be2 26. Qd5 Bf3 27. e4 Qf4 0-1